Library Banner

Towards understanding Islam/ (Record no. 99927)

MARC details
000 -LEADER
fixed length control field 00420nam a22001577a 4500
005 - DATE AND TIME OF LATEST TRANSACTION
control field 20171110103653.0
008 - FIXED-LENGTH DATA ELEMENTS--GENERAL INFORMATION
fixed length control field 171110b xxu||||| |||| 00| 0 eng d
020 ## - INTERNATIONAL STANDARD BOOK NUMBER
International Standard Book Number 0860373658
040 ## - CATALOGING SOURCE
Transcribing agency PK-LaUMT
082 ## - DEWEY DECIMAL CLASSIFICATION NUMBER
Classification number PKAC 297
Item number ABU-T
100 ## - MAIN ENTRY--PERSONAL NAME
Personal name Abul Ala Maudodi
245 ## - TITLE STATEMENT
Title Towards understanding Islam/
Statement of responsibility, etc Abul Ala Maudodi
260 ## - PUBLICATION, DISTRIBUTION, ETC. (IMPRINT)
Place of publication, distribution, etc Leicester UK.
Name of publisher, distributor, etc The Islamic foundation,
Date of publication, distribution, etc 1980
300 ## - PHYSICAL DESCRIPTION
Extent 116 p.
942 ## - ADDED ENTRY ELEMENTS (KOHA)
Koha item type Books
Holdings
Withdrawn status Lost status Damaged status Home library Current library Date acquired Full call number Barcode Date last seen Price effective from Koha item type
      UMT Main Campus UMT Main Campus 2017-11-10 PKAC 297 ABU-T 115784 2017-11-10 2017-11-10 Books